00361 a2200133 4500020001100000035001300011037004400024082001000068100001900078245004300097250002300140260003700163300002700200 c110.00 aB-147742 bRP-L-12 / PANSY-05-06:15 / RP-05-06:ENG a304.6 aAggarwal, J.C. aPopulation educationcby J.C. Aggarwal a2nd rev. & enl. ed aDelhibShipra Publicationsc2004 axi, 305 pc22 cm (pbk)